LEADER 01133nam0 2200325 450 001 000031290 005 20170127111322.0 010 $a978-88-14-21606-0 100 $a20170127d2016----km-y0itay50------ba 101 0 $aita 102 $aIT 105 $ay-------001yy 200 1 $aIstituzioni di diritto tributario$fa cura di Pasquale Russo, Guglielmo Fransoni, Laura Castaldi 205 $a2. ed. rivista ed ampliata$fcon i contributi di Francesco Padovani, Simone Ghinassi, Fabio Coli 210 $aMilano$cGiuffr?$d2016 215 $aXIX, 554 p.$d24 cm. 500 10$aIstituzioni di diritto tributario$957433 610 1 $aDiritto tributario$aItalia$aManuali 676 $a343.4504$v22$9Diritto tributario. Italia 702 1$aRusso,$bPasquale$4340 702 1$aFransoni,$bGuglielmo$4340 702 1$aCastaldi$bLaura$4340 702 1$aColi,$bFabio 702 1$aPadovani,$bFrancesco 702 1$aGhinassi,$bSimone 801 0$aIT$bUNIPARTHENOPE$c20170127$gREICAT$2UNIMARC 912 $a000031290 951 $a343-I/30$b46377$cNAVA1$d2017 996 $aIstituzioni di diritto tributario$957433 997 $aUNIPARTHENOPE